|
|
|
|
| LEADER |
00000nam#a2200000#a#4500 |
| 001 |
013412 |
| 005 |
20160721152138.0 |
| 008 |
971211s1994####xxu#################eng#d |
| 020 |
|
|
|a 030644688X
|
| 040 |
|
|
|a AR-beUNQ
|
| 099 |
|
|
|a 24-N7
|
| 100 |
1 |
|
|a Nielsen, Jens
|
| 245 |
0 |
0 |
|a Bioreaction engineering principles
|c Jens Nielsen. ; John Villadsen.
|
| 260 |
|
|
|a Nueva York :
|b Plenum,
|c 1994
|
| 300 |
|
|
|a xxiv, 456 p. :
|b gráficos, tablas
|
| 650 |
|
7 |
|a BIOTECNOLOGIA
|2 Spines
|
| 650 |
|
7 |
|a INGENIERIA GENETICA
|2 Spines
|
| 650 |
|
7 |
|a BIOMASA
|2 Spines
|
| 650 |
|
7 |
|a CINETICA
|2 Spines
|
| 650 |
|
7 |
|a MICROBIOLOGIA
|2 Spines
|
| 653 |
|
|
|a BIOPROCESOS
|
| 653 |
|
|
|a BIORREACTORES
|
| 700 |
1 |
|
|a Villadsen, John
|
| 929 |
|
|
|a COMPRA
|b Cúspide
|c Exp. 827-0764/97
|d 123,95
|e 19971211
|j 23224
|
| 929 |
|
|
|a COMPRA
|b Cúspide
|c Exp. 827-0764/97
|d 123,95
|e 19971211
|j 23225
|
| 942 |
|
|
|c LIB
|n 0
|
| 999 |
|
|
|c 15814
|d 91201
|